Yo estoy bien, tú estás bien : guía práctica de análisis conciliatorio /

שמור ב:
מידע ביבליוגרפי
מחבר ראשי: Harris, Thomas A. (autor)
פורמט: ספר
שפה:ספרדית
יצא לאור: Barcelona, España : Grijalbo, 1973, c1973
תגים: הוספת תג
אין תגיות, היה/י הראשונ/ה לתייג את הרשומה!

MARC

LEADER 00000nam^a2200000^a^4500
001 000562100
005 20250521000000.0
009 20260310131937.147
020 |a 84-253-0308-7 
037 |a Acervo ITESO - Biblioteca 
041 |a ESP 
091 |a FGM. 01697 
100 |a Harris, Thomas A.  |e (autor) 
245 1 0 |a Yo estoy bien, tú estás bien :  |b guía práctica de análisis conciliatorio / 
264 4 |a Barcelona, España :  |b Grijalbo,  |c 1973, c1973 
300 |a 402 p. 
336 |a texto  |b txt  |2 rdacontenido 
337 |a sin mediación  |b n  |2 rdamedio 
338 |a volumen  |b nc  |2 rdasoporte 
585 |a Exposición DIA 2024-02 / Feria de recomendaciones 
649 |a XX 
910 |a Fondo Efraín González Morfín 
920 |a Impresos - Libros 
930 |a Fondos Especiales 
905 |a 130 
901 |a 0500386564  |b IT2  |c ESL  |i D89491  |u 20250521 
902 |a https://opac.biblio.iteso.mx/vufind/Record/000562100